00802nam a2200181Ia 4500999001500000003000900015005001700024008004100041040002800082090002100110110006300131245011000194260008000304300004500384650003000429942001200459952014900471 c2691d2691DO-SdBJH20180416223627.0180414s9999 dr 000 0 spa d aDO-SdBJHbspacDO-SdBJH aDM FM 23-14 1985 aInstituto de Cooperación para la Seguridad Hemisférica10aFM 23-14 Squad automatic weapon (Saw), M 249 / Instituto de Cooperación para la Seguridad Hemisférica aFuerte Benning, Georgia : Cuartel General Secretaría del Ejército, 1985 avi, 124 páginas en varias paginaciones 4aArmas automáticas (SAW) 2ddccBK 00102ddc40708DMaBEGEMbBEGEMcGENd2018-04-14i18-EERD-01086l0oDM FM 23-14 1985p18-EERD-01086r2018-04-14 00:00:00tEj.1w2018-04-14yBK